| 000 | 01078naa a22003017a 4500 | ||
|---|---|---|---|
| 001 | BR8902403 | ||
| 003 | BR-BrBNA | ||
| 005 | 20250721155354.0 | ||
| 007 | ta | ||
| 008 | 250630b bl.|||m| |||| 00| 0 por d | ||
| 040 |
_aBR-BrBNA _bpor _cBiblioteca Nacional de Agricultura |
||
| 041 | _a(Pt) | ||
| 072 |
_aQ60 _b1990 _b3575 |
||
| 090 | _aQ60 BR8902403 | ||
| 100 | 1 | _aBobbio, F.O. | |
| 111 | 1 |
_a2. Simposio Brasileiro sobre Algaroba _cMossoro, RN (Brazil) _d6-10 Apr 1987 |
|
| 245 | 1 | _aEstudo do polissacarideo da semente de algaroba | |
| 500 | _aPalestras proferidas no 2. Simposio Brasileiro sobre Algaroba Mossoro, RN (Brasil): 1987. p. 35-59 [16 ref.] (BR8902403-AMS) | ||
| 773 | 0 |
_tPalestras proferidas no 2. Simposio Brasileiro sobre Algaroba _wQ60 BR8902403 _gMossoro, RN (Brasil), 1987. p. 35-59 |
|
| 650 | _aALGAROBA | ||
| 650 | _aSEMENTE | ||
| 650 | _aPOLISSACARIDEO | ||
| 650 | _aANALISE QUIMICA | ||
| 650 | _aPROCESSAMENTO | ||
| 490 |
_aColecao Mossoroense. Serie C (Brazil) _vno. 357 |
||
| 942 |
_cAMS _2AGRIS |
||
| 909 |
_a202506 _bLúcia _c55 _dLúcia Elande |
||
| 999 |
_c336132 _d336132 |
||